[Event "Thessaloniki ESSTH HALK-ch U16 11th"]
[Site "Thessaloniki"]
[Date "2018.11.25"]
[Round "6.5"]
[White "Galani, Dimitra"]
[Black "Batsi, Varvara"]
[Result "1-0"]
[WhiteElo "1499"]
[BlackElo "1208"]
[PlyCount "75"]
[EventDate "2018.11.03"]
[EventType "swiss"]
[EventRounds "6"]
[EventCountry "GRE"]
[SourceTitle "EXT 2024"]
[Source "ChessBase"]
[SourceDate "2023.10.10"]
[SourceVersion "1"]
[SourceVersionDate "2023.10.10"]
[SourceQuality "1"]

1. e4 c6 2. d4 d5 3. Nc3 dxe4 4. Nxe4 Bf5 5. Ng3 Bg6 6. h4 h6 7. Nf3 Nd7 8. h5 Bh7 9. Bd3 Bxd3 10. Qxd3 e6 11. Bd2 Ngf6 12. 0-0-0 Be7 13. Kb1 Qb6 14. Rhe1 Rd8 15. Qe2 Ba3 16. Bc1 0-0 17. Qd3 Bd6 18. Ne4 Nxe4 19. Qxe4 Nf6 20. Qh4 c5 21. Bxh6 Nd5 22. Qg5 g6 23. hxg6 f6 24. Qd2 c4 25. c3 Rfe8 26. Rh1 Qc7 27. Rh4 Ne7 28. Rdh1 Nxg6 29. Rg4 Kf7 30. Nh4 Rg8 31. Qc2 f5 32. Nxf5 exf5 33. Qxf5+ Ke8 34. Re1+ Be7 35. Rxg6 Rxg6 36. Qxg6+ Kd7 37. Qe6+ Ke8 38. Bg5 1-0

[Event "GRE-chT 46th"]
[Site "Rio Achaia"]
[Date "2018.07.11"]
[Round "3.4"]
[White "Batsi, Varvara"]
[Black "Kaliontzaki, Argyro Evanthia"]
[Result "0-1"]
[WhiteElo "1241"]
[BlackElo "1346"]
[PlyCount "148"]
[EventDate "2018.07.10"]
[EventType "team"]
[EventRounds "7"]
[EventCountry "GRE"]
[SourceTitle "CBM 185 Extra"]
[Source "ChessBase"]
[SourceDate "2018.07.29"]
[SourceVersion "1"]
[SourceVersionDate "2018.07.29"]
[SourceQuality "1"]
[WhiteTeam "Triandrias OF"]
[BlackTeam "Chania OA"]
[WhiteTeamCountry "GRE"]
[BlackTeamCountry "GRE"]

1. d4 Nf6 2. Nf3 e6 3. Bf4 c5 4. e3 cxd4 5. exd4 b6 6. c3 Bb7 7. h3 d6 8. Be2 Be7 9. 0-0 0-0 10. Re1 Nbd7 11. Nbd2 Re8 12. Qc2 Qc7 13. Bd3 Bf8 14. Ne4 Nd5 15. Bh2 Rac8 16. Qe2 h6 17. a4 e5 18. dxe5 Nxe5 19. Nd4 Nxd3 20. Qxd3 a6 21. Nf5 Re6 22. Nd4 Ree8 23. Rad1 Qd7 24. Ra1 f5 25. Nd2 Rxe1+ 26. Rxe1 Re8 27. Rxe8 Qxe8 28. Qxf5 Qxa4 29. Qe6+ Kh8 30. Bxd6 Bxd6 31. Qxd6 Qa1+ 32. Nf1 Qxb2 33. Qb8+ Kh7 34. Qxb7 Nxc3 35. Qxa6 Ne4 36. Qd3 Qxf2+ 37. Kh1 Qf4 38. Qc2 Qxf1+ 39. Kh2 Qf4+ 40. Kh1 g6 41. Qa4 Ng3+ 42. Kh2 Ne2+ 43. Kh1 Qxd4 44. Qa7+ Kg8 45. Qa2+ Kg7 46. Qxe2 Qc5 47. Qd2 b5 48. Qd7+ Kf6 49. Qd8+ Qe7 50. Qd4+ Qe5 51. Qh4+ Kg7 52. Qb4 g5 53. Qa5 Qc5 54. Qa1+ Kg6 55. Qa6+ Kg7 56. Qb7+ Kf8 57. Qa8+ Ke7 58. Qb7+ Kd6 59. Qa6+ Qc6 60. Qa3+ Qc5 61. Qd3+ Kc6 62. Qg6+ Qd6 63. Qe8+ Kc5 64. Qe3+ Qd4 65. Qe7+ Qd6 66. Qe3+ Kc4 67. Qe4+ Qd4 68. Qe6+ Kc5 69. Qxh6 Qd1+ 70. Kh2 Qd6+ 71. Qxd6+ Kxd6 72. Kg1 b4 73. Kf1 b3 74. Ke1 b2 0-1

[Event "GRE-chT 46th"]
[Site "Rio Achaia"]
[Date "2018.07.11"]
[Round "2.6"]
[White "Kratimenou, Maria"]
[Black "Batsi, Varvara"]
[Result "1/2-1/2"]
[WhiteElo "1207"]
[BlackElo "1241"]
[PlyCount "105"]
[EventDate "2018.07.10"]
[EventType "team"]
[EventRounds "7"]
[EventCountry "GRE"]
[SourceTitle "CBM 185 Extra"]
[Source "ChessBase"]
[SourceDate "2018.07.29"]
[SourceVersion "1"]
[SourceVersionDate "2018.07.29"]
[SourceQuality "1"]
[WhiteTeam "Panionios GA"]
[BlackTeam "Triandrias OF"]
[WhiteTeamCountry "GRE"]
[BlackTeamCountry "GRE"]

1. e4 c6 2. d4 d5 3. Nc3 dxe4 4. Nxe4 Bf5 5. Ng3 Bg6 6. h4 h6 7. Nf3 e6 8. h5 Bh7 9. Bd3 Bxd3 10. Qxd3 Nf6 11. Bd2 Be7 12. 0-0-0 0-0 13. Ne4 Nxe4 14. Qxe4 Qd5 15. Qxd5 cxd5 16. Kb1 Nc6 17. a3 Bf6 18. Rhf1 Rfe8 19. Be3 Rac8 20. g3 Ne7 21. Bf4 Rc4 22. Be5 Bxe5 23. Nxe5 Rc7 24. Rfe1 Nf5 25. g4 Nd6 26. f3 Rec8 27. Rd2 Nc4 28. Nxc4 dxc4 29. c3 Rd8 30. Rde2 Rd5 31. Re5 Rcd7 32. Kc2 Kf8 33. f4 Rxe5 34. Rxe5 Rd5 35. Kd2 Ke7 36. Ke3 Kd6 37. Ke4 b5 38. f5 exf5+ 39. gxf5 Rxe5+ 40. dxe5+ Kc5 41. e6 fxe6 42. fxe6 Kd6 43. Kf5 a5 44. Kg6 Kxe6 45. Kxg7 Kf5 46. Kxh6 Kf6 47. Kh7 Kf7 48. h6 a4 49. Kh8 Kf8 50. Kh7 Kf7 51. Kh8 Kf8 52. Kh7 Kf7 53. Kh8 1/2-1/2

[Event "GRE-chT 46th"]
[Site "Rio Achaia"]
[Date "2018.07.10"]
[Round "1.17"]
[White "Batsi, Varvara"]
[Black "Papanagiotou, Argyro"]
[Result "1-0"]
[WhiteElo "1241"]
[BlackElo "1037"]
[PlyCount "63"]
[EventDate "2018.07.10"]
[EventType "team"]
[EventRounds "7"]
[EventCountry "GRE"]
[SourceTitle "CBM 185 Extra"]
[Source "ChessBase"]
[SourceDate "2018.07.29"]
[SourceVersion "1"]
[SourceVersionDate "2018.07.29"]
[SourceQuality "1"]
[WhiteTeam "Triandrias OF"]
[BlackTeam "Larissa"]
[WhiteTeamCountry "GRE"]
[BlackTeamCountry "GRE"]

1. d4 d5 2. Bf4 Bf5 3. e3 Nc6 4. Bd3 e6 5. Bxf5 exf5 6. Qd3 Qd7 7. Nf3 Nf6 8. h3 h5 9. 0-0 Bd6 10. Bxd6 Qxd6 11. Qxf5 Ne7 12. Qd3 0-0 13. Nbd2 Rfe8 14. c4 c5 15. dxc5 Qxc5 16. Rac1 Rac8 17. Qb3 Qb6 18. Qxb6 axb6 19. cxd5 Nexd5 20. a3 Ra8 21. Nc4 Ne4 22. Rfd1 Red8 23. Rd4 Nef6 24. Rcd1 b5 25. Nce5 Ra4 26. Ng5 Rxd4 27. Rxd4 Kf8 28. e4 Nxe4 29. Rxe4 Nf6 30. Re2 Rd4 31. Nexf7 b4 32. Ne6+ 1-0

[Event "EThessaloniki SSTH HALK-ch U16"]
[Site "Thessaloniki"]
[Date "2017.11.19"]
[Round "5.5"]
[White "Batsi, Varvara"]
[Black "Kotanidou, Zinaida"]
[Result "0-1"]
[WhiteElo "1170"]
[BlackElo "1154"]
[PlyCount "96"]
[EventDate "2017.10.01"]
[EventType "swiss"]
[EventRounds "6"]
[EventCountry "GRE"]
[SourceTitle "EXT 2024"]
[Source "ChessBase"]
[SourceDate "2023.10.10"]
[SourceVersion "1"]
[SourceVersionDate "2023.10.10"]
[SourceQuality "1"]

1. d4 Nf6 2. Nf3 b6 3. Bf4 Bb7 4. e3 e6 5. h3 Be7 6. Bd3 d6 7. 0-0 0-0 8. Nbd2 Nbd7 9. Re1 d5 10. Ne5 c5 11. c3 Nxe5 12. Bxe5 Bd6 13. f4 h6 14. Rf1 Ne4 15. Bxe4 dxe4 16. Qg4 Bxe5 17. fxe5 Qg5 18. Qxg5 hxg5 19. Rf2 cxd4 20. cxd4 Rac8 21. Nf1 f6 22. exf6 gxf6 23. Nh2 f5 24. Raf1 Ba6 25. Rd1 Bd3 26. Nf1 Rc7 27. Ng3 Rfc8 28. Kh2 Rc2 29. Rfd2 Rxd2 30. Rxd2 Rc1 31. Nh5 Kf7 32. Ng3 Re1 33. Nh1 Rxe3 34. Nf2 Re2 35. Rxe2 Bxe2 36. Nh1 Ke7 37. Nf2 Kd6 38. Kg1 Kd5 39. Nh1 Kxd4 40. Ng3 Bd1 41. Kf1 Ke3 42. Ke1 Bc2 43. Nf1+ Kf4 44. Kd2 Bd3 45. a3 Bxf1 46. b4 Bxg2 47. a4 Bxh3 48. a5 g4 0-1

[Event "EThessaloniki SSTH HALK-ch U16"]
[Site "Thessaloniki"]
[Date "2017.11.12"]
[Round "4.5"]
[White "Tzartzi, Petroula"]
[Black "Batsi, Varvara"]
[Result "1-0"]
[WhiteElo "1254"]
[BlackElo "1170"]
[PlyCount "53"]
[EventDate "2017.10.01"]
[EventType "swiss"]
[EventRounds "6"]
[EventCountry "GRE"]
[SourceTitle "EXT 2024"]
[Source "ChessBase"]
[SourceDate "2023.10.10"]
[SourceVersion "1"]
[SourceVersionDate "2023.10.10"]
[SourceQuality "1"]

1. e4 c6 2. d4 d5 3. Nc3 dxe4 4. Nxe4 Bf5 5. Ng3 Bg6 6. h4 h6 7. Nf3 Nd7 8. h5 Bh7 9. Bd3 Bxd3 10. Qxd3 Ngf6 11. Bd2 e6 12. 0-0-0 Be7 13. Kb1 0-0 14. Ne4 Nxe4 15. Qxe4 Nf6 16. Qe2 Qb6 17. Rdg1 a5 18. Bc1 a4 19. g4 Ba3 20. Ka1 Nd5 21. Qd3 Bxb2+ 22. Bxb2 a3 23. Bc3 Nxc3 24. Qxc3 Ra5 25. g5 hxg5 26. Ne5 Rd8 27. Nc4 1-0

[Event "GRE-chT 45th"]
[Site "Achaia"]
[Date "2017.07.07"]
[Round "6.12"]
[White "Batsi, Varvara"]
[Black "Papadopoulou, Marilena"]
[Result "1-0"]
[WhiteElo "1119"]
[BlackElo "1229"]
[PlyCount "99"]
[EventDate "2017.07.03"]
[EventType "team-swiss"]
[EventRounds "7"]
[EventCountry "GRE"]
[SourceTitle "CBM 179 Extra"]
[Source "ChessBase"]
[SourceDate "2017.08.23"]
[SourceVersion "1"]
[SourceVersionDate "2017.08.23"]
[SourceQuality "1"]
[WhiteTeam "Triandrias PG"]
[BlackTeam "Peiraikos PG"]
[WhiteTeamCountry "GRE"]
[BlackTeamCountry "GRE"]

1. d4 Nf6 2. Nf3 d5 3. Bf4 c5 4. e3 Nc6 5. c3 Qb6 6. Qb3 c4 7. Qc2 Bf5 8. Qc1 e6 9. Nbd2 Be7 10. Be2 h6 11. h3 0-0 12. 0-0 Rfe8 13. Ne5 Rad8 14. Bd1 Nd7 15. Nxd7 Rxd7 16. Nf3 Bd6 17. Bxd6 Rxd6 18. Bc2 Bxc2 19. Qxc2 e5 20. dxe5 Nxe5 21. Nxe5 Rxe5 22. Rad1 Rg5 23. Rd4 Qc6 24. Rfd1 Qd7 25. Kh1 Rh5 26. Kh2 Rg6 27. Rg1 Qe7 28. Qe2 Qg5 29. Qf3 Kh8 30. Rf4 f6 31. Rd4 b6 32. Rgd1 Qe5+ 33. Qf4 Qxf4+ 34. Rxf4 Rhg5 35. g3 Re5 36. Rfd4 Rf5 37. Kg2 Rfg5 38. Rxd5 f5 39. R1d4 Rc6 40. Rf4 g6 41. Rfd4 Rf6 42. Rxc4 a5 43. Rc8+ Kg7 44. Rd7+ Rf7 45. Rxf7+ Kxf7 46. Rb8 Rh5 47. Rxb6 g5 48. Rb5 a4 49. Rxf5+ Kg6 50. Ra5 1-0

[Event "GRE-chT 45th"]
[Site "Achaia"]
[Date "2017.07.05"]
[Round "4.14"]
[White "Batsi, Varvara"]
[Black "Nikolakopoulou, Eleni"]
[Result "1-0"]
[WhiteElo "1119"]
[BlackElo "1030"]
[PlyCount "87"]
[EventDate "2017.07.03"]
[EventType "team-swiss"]
[EventRounds "7"]
[EventCountry "GRE"]
[SourceTitle "CBM 179 Extra"]
[Source "ChessBase"]
[SourceDate "2017.08.23"]
[SourceVersion "1"]
[SourceVersionDate "2017.08.23"]
[SourceQuality "1"]
[WhiteTeam "Triandrias PG"]
[BlackTeam "Patron Sailing"]
[WhiteTeamCountry "GRE"]
[BlackTeamCountry "GRE"]

1. d4 d5 2. Bf4 Nf6 3. Nf3 c6 4. e3 Bf5 5. c4 e6 6. Qb3 b6 7. Nc3 Nbd7 8. cxd5 Nxd5 9. Nxd5 cxd5 10. Bb5 Be7 11. Ne5 0-0 12. Nxd7 Re8 13. Ne5 Rf8 14. Nc6 Qe8 15. Nxa7 Qd8 16. Nc6 Qd7 17. Nxe7+ Qxe7 18. 0-0 Rfc8 19. Rac1 h6 20. Bd3 Bxd3 21. Qxd3 Qe8 22. a3 Rxc1 23. Rxc1 Rc8 24. Rxc8 Qxc8 25. Qc3 Qa6 26. Qc2 Qa5 27. Qc1 Qa6 28. Qd1 Qc4 29. h3 b5 30. Kh2 f5 31. Be5 g6 32. g4 b4 33. Qa4 Qc8 34. Qxb4 Qc2 35. Qb8+ Kf7 36. Qc7+ Qxc7 37. Bxc7 Ke7 38. b4 Kd7 39. Be5 Kc6 40. a4 Kb6 41. b5 Kb7 42. a5 Ka7 43. b6+ Kb7 44. Kg3 1-0

[Event "GRE-chT 45th"]
[Site "Achaia"]
[Date "2017.07.03"]
[Round "1.7"]
[White "Skiadopoulou, Afroditi Lelouda"]
[Black "Batsi, Varvara"]
[Result "1-0"]
[WhiteElo "1475"]
[BlackElo "1119"]
[PlyCount "111"]
[EventDate "2017.07.03"]
[EventType "team-swiss"]
[EventRounds "7"]
[EventCountry "GRE"]
[SourceTitle "CBM 179 Extra"]
[Source "ChessBase"]
[SourceDate "2017.08.23"]
[SourceVersion "1"]
[SourceVersionDate "2017.08.23"]
[SourceQuality "1"]
[WhiteTeam "Peristeriou CP"]
[BlackTeam "Triandrias PG"]
[WhiteTeamCountry "GRE"]
[BlackTeamCountry "GRE"]

1. e4 e5 2. Nf3 Nc6 3. Nc3 Nf6 4. Bb5 a6 5. Ba4 d6 6. d3 Be7 7. 0-0 0-0 8. Ne2 b5 9. Bb3 Bb7 10. c3 Qd7 11. Ng3 Na5 12. Bc2 c5 13. Nf5 Rfd8 14. N3h4 d5 15. Qf3 Bf8 16. Bg5 Qe6 17. Nh6+ Kh8 18. Bxf6 gxf6 19. Qh5 Bxh6 20. Qxh6 Rg8 21. Nf5 Rg6 22. Qe3 Rag8 23. g3 d4 24. cxd4 cxd4 25. Qd2 Nc6 26. Bb3 Qd7 27. a4 Na7 28. axb5 Nxb5 29. Bc4 Ra8 30. Qb4 Re8 31. Ra5 h6 32. Bxb5 axb5 33. Qxb5 Qxb5 34. Rxb5 Ba6 35. Rb3 Rd8 36. Rd1 Kh7 37. Rb6 Bc8 38. Ne7 Rg7 39. Rb8 Bg4 40. Rxd8 Bxd1 41. Nd5 Rg6 42. Ne7 Rg7 43. Kf1 Bc2 44. Ke2 Rg5 45. Kd2 Bb3 46. Rb8 Be6 47. b4 f5 48. exf5 Bxf5 49. b5 Bd7 50. b6 e4 51. dxe4 Re5 52. Nd5 Bc6 53. b7 Bxb7 54. Rxb7 Kg7 55. Kd3 Re6 56. Kxd4 1-0